000 00488nam a2200193Ia 4500
005 20250326141733.0
008 250326s9999 xx 000 0 und d
037 _aTextbook
040 _aFMSL
_beng
_cFMSL
041 _aeng
_2eng
084 _qFMSL
100 _aLuthans Fred
245 0 _aOrganisational Behavior
_cLuthans Fred
250 _a5TH
260 _aNew York
_bNew York, Mc Graw-Hill Books co.
_c1989
300 _a660p
942 _cTB
999 _c1291726
_d1291726